| 000 | 00409pab a2200157 454500 | ||
|---|---|---|---|
| 008 | 180718b1985 xxu||||| |||| 00| 0 eng d | ||
| 100 | _aFrenkel, Jacob A. | ||
| 245 | _aGovernment spending, debt and international economic interdependence | ||
| 260 | _c1985 | ||
| 300 | _a619-36 | ||
| 362 | _aSept. | ||
| 650 | _aExpenditures, Government | ||
| 700 | _aAssaf Razin | ||
| 773 | _aEconomic Jr. | ||
| 909 | _a7925 | ||
| 999 |
_c7925 _d7925 |
||